| 000 | 00546nam a22001817a 4500 | ||
|---|---|---|---|
| 005 | 20231109121412.0 | ||
| 008 | 231109b |||||||| |||| 00| 0 eng d | ||
| 020 | _a0702119806 | ||
| 041 | _aEnglish | ||
| 082 | _a346.2 ELL | ||
| 100 |
_aLowe, MJ et al. _lEnglish |
||
| 245 |
_aElliot: The South African Notary / _cMJ Lowe et al. |
||
| 250 | _aSixth Edition | ||
| 260 |
_aCape Town : _bJuta and Company Ltd, _c1987 |
||
| 300 |
_blv, 411 pages ; _c26 cm. |
||
| 650 |
_aLegal practice _bLaw |
||
| 942 |
_cBK _6ALISON_BN_VRIES |
||
| 999 |
_c473 _d473 |
||